[Event "Irena Warakomska Memorial A"]
[Site "Suwalki"]
[Date "2021.08.02"]
[Round "8"]
[White "Maj, Pawel"]
[Black "Luberanski, Jakub"]
[Result "0-1"]
[Board "25"]
[WhiteElo "2113"]
[WhiteCountry "POL"]
[WhiteFideId "21818290"]
[WhiteEloChange "-6"]
[BlackElo "2274"]
[BlackTitle "FM"]
[BlackCountry "POL"]
[BlackFideId "21830509"]
[BlackEloChange "6"]

1. c4 {[%clk 1:30:58]} e5 {[%clk 1:30:55]} 2. g3 {[%clk 1:31:19]} Nf6 {[%clk
1:31:20]} 3. Bg2 {[%clk 1:31:43]} Bc5 {[%clk 1:31:28]} 4. Nc3 {[%clk 1:31:53]}
O-O {[%clk 1:31:43]} 5. Nf3 {[%clk 1:28:19]} Nc6 {[%clk 1:30:49]} 6. d3 {[%clk
1:27:34]} d6 {[%clk 1:30:18]} 7. O-O {[%clk 1:27:19]} h6 {[%clk 1:29:07]} 8. a3
{[%clk 1:25:40]} a5 {[%clk 1:26:17]} 9. Rb1 {[%clk 1:23:12]} Re8 {[%clk 1:22:03]}
10. e3 {[%clk 1:16:19]} Bf5 {[%clk 1:05:55]} 11. e4 {[%clk 1:14:44]} Bg4 {[%clk
1:05:54]} 12. h3 {[%clk 1:13:53]} Bxf3 {[%clk 1:05:56]} 13. Bxf3 {[%clk 1:13:54]}
Nd7 {[%clk 1:02:42]} 14. Kh2 {[%clk 1:11:49]} Nd4 {[%clk 1:00:54]} 15. Bg2 {[%clk
1:06:45]} c6 {[%clk 0:56:21]} 16. f4 {[%clk 1:04:44]} exf4 {[%clk 0:55:50]} 17.
Bxf4 {[%clk 1:02:46]} Ne5 {[%clk 0:54:44]} 18. Ne2 {[%clk 0:55:50]} Nxe2 {[%clk
0:50:59]} 19. Qxe2 {[%clk 0:55:32]} Bd4 {[%clk 0:49:33]} 20. Bd2 {[%clk 0:47:14]}
a4 {[%clk 0:44:23]} 21. h4 {[%clk 0:39:40]} Qb6 {[%clk 0:40:59]} 22. Rfd1 {[%clk
0:32:34]} Qb3 {[%clk 0:38:47]} 23. Bf4 {[%clk 0:32:07]} Rac8 {[%clk 0:34:52]} 24.
Bh3 {[%clk 0:31:03]} Rc7 {[%clk 0:35:09]} 25. Rd2 {[%clk 0:29:39]} Rce7 {[%clk
0:28:40]} 26. Qg2 {[%clk 0:23:48]} b5 {[%clk 0:17:51]} 27. cxb5 {[%clk 0:22:24]}
Qxb5 {[%clk 0:18:16]} 28. Qe2 {[%clk 0:18:43]} Rb8 {[%clk 0:17:31]} 29. Bf1
{[%clk 0:18:36]} Reb7 {[%clk 0:17:20]} 30. Qd1 {[%clk 0:14:04]} Qa5 {[%clk
0:16:17]} 31. Be2 {[%clk 0:13:17]} c5 {[%clk 0:15:13]} 32. Qc1 {[%clk 0:13:00]}
Rb3 {[%clk 0:10:27]} 33. Kg2 {[%clk 0:10:16]} Qb5 {[%clk 0:06:35]} 34. Qd1 {[%clk
0:07:52]} Rxa3 {[%clk 0:04:33]} 35. bxa3 {[%clk 0:08:13]} Qxb1 {[%clk 0:04:59]}
36. Qxb1 {[%clk 0:06:03]} Rxb1 {[%clk 0:05:24]} 37. Bd1 {[%clk 0:05:27]} Bc3
{[%clk 0:04:35]} 38. Rc2 {[%clk 0:05:41]} Rxd1 {[%clk 0:03:21]} 39. Rxc3 {[%clk
0:06:05]} Rxd3 {[%clk 0:03:00]} 40. Bxe5 {[%clk 0:34:41]} Rd2+ {[%clk 0:33:26]}
41. Kf3 {[%clk 0:33:44]} dxe5 {[%clk 0:33:35]} 42. Kg4 {[%clk 0:25:29]} f6 {[%clk
0:27:12]} 43. Rxc5 {[%clk 0:21:47]} Rd3 {[%clk 0:27:09]} 44. Ra5 {[%clk 0:21:34]}
Rxa3 {[%clk 0:27:32]} 45. Ra7 {[%clk 0:21:42]} Ra1 {[%clk 0:26:12]} 46. Kf5
{[%clk 0:20:11]} Kh7 {[%clk 0:26:32]} 47. g4 {[%clk 0:20:07]} a3 {[%clk 0:17:54]}
48. g5 {[%clk 0:20:08]} hxg5 {[%clk 0:17:50]} 49. hxg5 {[%clk 0:20:28]} a2 {[%clk
0:16:26]} 50. Ke6 {[%clk 0:19:49]} fxg5 {[%clk 0:16:24]} 51. Kxe5 {[%clk
0:19:04]} g4 {[%clk 0:16:41]} 52. Ra3 {[%clk 0:19:19]} g3 {[%clk 0:16:27]} 53.
Kd4 {[%clk 0:19:38]} 0-1

[Event "Irena Warakomska Memorial A"]
[Site "Suwalki"]
[Date "2021.08.02"]
[Round "8"]
[White "Liberadzki, Slawomir"]
[Black "Poltorak, Sebastian"]
[Result "0-1"]
[Board "26"]
[WhiteElo "2022"]
[WhiteCountry "POL"]
[WhiteFideId "1123483"]
[WhiteEloChange "-5"]
[BlackElo "2233"]
[BlackCountry "POL"]
[BlackFideId "1199498"]
[BlackEloChange "5"]

1. c4 {[%clk 1:30:57]} Nf6 {[%clk 1:30:03]} 2. Nc3 {[%clk 1:31:23]} c5 {[%clk
1:30:01]} 3. g3 {[%clk 1:31:46]} g6 {[%clk 1:28:58]} 4. Bg2 {[%clk 1:31:24]} Bg7
{[%clk 1:29:11]} 5. Nf3 {[%clk 1:29:12]} Nc6 {[%clk 1:27:32]} 6. e3 {[%clk
1:28:02]} d5 {[%clk 1:23:51]} 7. cxd5 {[%clk 1:27:02]} Nxd5 {[%clk 1:24:15]} 8.
d4 {[%clk 1:25:17]} O-O {[%clk 1:18:30]} 9. O-O {[%clk 1:18:55]} Be6 {[%clk
1:09:23]} 10. Nxd5 {[%clk 1:10:48]} Qxd5 {[%clk 1:08:16]} 11. Nd2 {[%clk
0:57:02]} Qd7 {[%clk 1:06:38]} 12. dxc5 {[%clk 0:57:13]} Rfd8 {[%clk 1:03:08]}
13. Qa4 {[%clk 0:55:16]} Bh3 {[%clk 1:00:42]} 14. Nf3 {[%clk 0:49:55]} Bxg2
{[%clk 0:56:43]} 15. Kxg2 {[%clk 0:50:04]} Qd5 {[%clk 0:54:41]} 16. e4 {[%clk
0:48:27]} Qxc5 {[%clk 0:50:00]} 17. Be3 {[%clk 0:48:41]} Qb4 {[%clk 0:38:36]} 18.
Qxb4 {[%clk 0:41:21]} Nxb4 {[%clk 0:39:01]} 19. Bc5 {[%clk 0:40:59]} Nc6 {[%clk
0:28:25]} 20. Rad1 {[%clk 0:38:13]} e6 {[%clk 0:26:35]} 21. b3 {[%clk 0:37:27]}
Bc3 {[%clk 0:24:08]} 22. Be3 {[%clk 0:31:23]} b5 {[%clk 0:21:58]} 23. Rxd8+
{[%clk 0:26:12]} Rxd8 {[%clk 0:21:33]} 24. Rc1 {[%clk 0:26:20]} b4 {[%clk
0:21:05]} 25. Kf1 {[%clk 0:26:24]} a5 {[%clk 0:15:45]} 26. Ke2 {[%clk 0:21:20]}
f5 {[%clk 0:09:01]} 27. exf5 {[%clk 0:19:39]} exf5 {[%clk 0:06:02]} 28. Bd2
{[%clk 0:19:20]} Re8+ {[%clk 0:06:21]} 29. Kf1 {[%clk 0:17:01]} Nd4 {[%clk
0:05:14]} 30. Bxc3 {[%clk 0:13:25]} Nxf3 {[%clk 0:05:40]} 31. Kg2 {[%clk
0:13:50]} Ng5 {[%clk 0:05:49]} 32. h4 {[%clk 0:11:21]} Ne4 {[%clk 0:05:46]} 33.
Bd4 {[%clk 0:11:32]} Rd8 {[%clk 0:05:43]} 34. Be3 {[%clk 0:10:33]} Nc3 {[%clk
0:04:59]} 35. a3 {[%clk 0:08:23]} Rd3 {[%clk 0:02:59]} 36. axb4 {[%clk 0:06:55]}
axb4 {[%clk 0:03:26]} 37. Kf3 {[%clk 0:06:40]} Nd5 {[%clk 0:00:59]} 38. Rb1
{[%clk 0:03:31]} Kf7 {[%clk 0:00:51]} 39. Ke2 {[%clk 0:03:29]} Rxe3+ {[%clk
0:01:17]} 40. fxe3 {[%clk 0:33:05]} Nc3+ {[%clk 0:31:43]} 41. Kd3 {[%clk
0:33:31]} Nxb1 {[%clk 0:32:08]} 42. Kc4 {[%clk 0:33:59]} Ke6 {[%clk 0:32:21]} 43.
Kxb4 {[%clk 0:34:23]} Kd5 {[%clk 0:32:47]} 44. Ka5 {[%clk 0:34:40]} h6 {[%clk
0:32:34]} 45. b4 {[%clk 0:35:03]} Nc3 {[%clk 0:32:59]} 46. Kb6 {[%clk 0:35:17]}
g5 {[%clk 0:33:11]} 47. hxg5 {[%clk 0:35:42]} hxg5 {[%clk 0:33:37]} 0-1

[Event "Irena Warakomska Memorial A"]
[Site "Suwalki"]
[Date "2021.08.02"]
[Round "8"]
[White "Pacuszka, Tomasz"]
[Black "Kacprzak, Karol"]
[Result "1/2-1/2"]
[Board "27"]
[WhiteElo "2184"]
[WhiteTitle "FM"]
[WhiteCountry "POL"]
[WhiteFideId "1119036"]
[WhiteEloChange "-1"]
[BlackElo "2151"]
[BlackCountry "POL"]
[BlackFideId "21819327"]
[BlackEloChange "1"]

1. c4 {[%clk 1:30:29]} c5 {[%clk 1:30:51]} 2. Nc3 {[%clk 1:30:01]} Nc6 {[%clk
1:30:27]} 3. g3 {[%clk 1:30:06]} g6 {[%clk 1:30:48]} 4. Bg2 {[%clk 1:30:27]} Bg7
{[%clk 1:31:11]} 5. e4 {[%clk 1:28:24]} e6 {[%clk 1:26:14]} 6. Nge2 {[%clk
1:27:44]} Nge7 {[%clk 1:26:20]} 7. O-O {[%clk 1:27:59]} O-O {[%clk 1:26:35]} 8.
d3 {[%clk 1:28:10]} d6 {[%clk 1:21:20]} 9. Be3 {[%clk 1:28:09]} Nd4 {[%clk
1:21:28]} 10. Qd2 {[%clk 1:27:27]} Rb8 {[%clk 1:18:52]} 11. Bh6 {[%clk 1:26:34]}
a6 {[%clk 1:17:42]} 12. Bxg7 {[%clk 1:26:50]} Kxg7 {[%clk 1:18:02]} 13. Nxd4
{[%clk 1:24:13]} cxd4 {[%clk 1:18:24]} 14. Ne2 {[%clk 1:24:37]} e5 {[%clk
1:18:33]} 15. Rac1 {[%clk 1:21:41]} Be6 {[%clk 0:55:51]} 16. h3 {[%clk 1:16:12]}
f6 {[%clk 0:50:04]} 17. Kh2 {[%clk 1:11:33]} b5 {[%clk 0:50:04]} 18. c5 {[%clk
1:11:33]} d5 {[%clk 0:50:04]} 19. f4 {[%clk 1:11:33]} 1/2-1/2

[Event "Irena Warakomska Memorial A"]
[Site "Suwalki"]
[Date "2021.08.02"]
[Round "8"]
[White "Lach, Aleksandra"]
[Black "Golenia, Wojciech"]
[Result "1/2-1/2"]
[Board "28"]
[WhiteElo "2183"]
[WhiteTitle "WIM"]
[WhiteCountry "POL"]
[WhiteFideId "1134299"]
[WhiteEloChange "-2"]
[BlackElo "2102"]
[BlackCountry "POL"]
[BlackFideId "1175300"]
[BlackEloChange "2"]

1. e4 {[%clk 1:30:55]} e5 {[%clk 1:30:51]} 2. Nc3 {[%clk 1:30:44]} Nf6 {[%clk
1:29:49]} 3. f4 {[%clk 1:27:21]} d5 {[%clk 1:29:57]} 4. fxe5 {[%clk 1:27:31]}
Nxe4 {[%clk 1:30:14]} 5. Qf3 {[%clk 1:27:46]} Nxc3 {[%clk 1:25:30]} 6. dxc3
{[%clk 1:27:14]} c5 {[%clk 1:21:09]} 7. Bf4 {[%clk 1:27:09]} Be6 {[%clk 1:12:11]}
8. O-O-O {[%clk 1:23:44]} Qb6 {[%clk 1:06:54]} 9. Kb1 {[%clk 1:05:21]} Nc6 {[%clk
1:04:27]} 10. Nh3 {[%clk 0:56:17]} h6 {[%clk 0:46:46]} 11. Nf2 {[%clk 0:52:06]}
Qa5 {[%clk 0:42:00]} 12. Rxd5 {[%clk 0:35:17]} Bxd5 {[%clk 0:31:32]} 13. Qxd5
{[%clk 0:35:31]} Qd8 {[%clk 0:22:12]} 14. Qe4 {[%clk 0:28:36]} Qe7 {[%clk
0:19:25]} 15. Bb5 {[%clk 0:23:45]} Rc8 {[%clk 0:19:03]} 16. Re1 {[%clk 0:18:57]}
g5 {[%clk 0:13:30]} 17. Bg3 {[%clk 0:18:20]} Bg7 {[%clk 0:13:52]} 18. Bd3 {[%clk
0:10:52]} Nd8 {[%clk 0:13:16]} 19. Qg4 {[%clk 0:07:02]} Ne6 {[%clk 0:12:04]} 20.
Ne4 {[%clk 0:07:28]} h5 {[%clk 0:10:45]} 21. Qf5 {[%clk 0:07:25]} Kd7 {[%clk
0:10:48]} 22. Nf6+ {[%clk 0:06:38]} Kd8 {[%clk 0:11:09]} 23. Bb5 {[%clk 0:04:44]}
Qf8 {[%clk 0:06:31]} 24. Rd1+ {[%clk 0:03:14]} Kc7 {[%clk 0:06:52]} 25. Rd7+
{[%clk 0:03:28]} Kb8 {[%clk 0:06:48]} 26. Bc4 {[%clk 0:01:40]} h4 {[%clk
0:06:24]} 27. Qf3 {[%clk 0:01:04]} Rc7 {[%clk 0:06:17]} 28. Rxc7 {[%clk 0:01:06]}
Kxc7 {[%clk 0:05:01]} 29. Bf2 {[%clk 0:01:00]} Bxf6 {[%clk 0:04:32]} 30. Qxf6
{[%clk 0:01:20]} Rh6 {[%clk 0:04:24]} 31. Qf5 {[%clk 0:01:27]} Qe7 {[%clk
0:04:44]} 32. Be3 {[%clk 0:01:23]} Rg6 {[%clk 0:05:04]} 33. a4 {[%clk 0:00:49]}
Rg8 {[%clk 0:05:01]} 34. Bd5 {[%clk 0:00:54]} g4 {[%clk 0:04:13]} 35. g3 {[%clk
0:01:19]} hxg3 {[%clk 0:04:03]} 36. hxg3 {[%clk 0:01:48]} Qd7 {[%clk 0:04:18]}
37. c4 {[%clk 0:01:45]} b6 {[%clk 0:03:21]} 38. b3 {[%clk 0:01:36]} Kb8 {[%clk
0:03:06]} 39. Bg2 {[%clk 0:00:46]} a6 {[%clk 0:01:04]} 40. Kb2 {[%clk 0:30:39]}
a5 {[%clk 0:30:51]} 41. Bd5 {[%clk 0:25:29]} Kc7 {[%clk 0:18:51]} 42. Qh7 {[%clk
0:23:40]} Rg6 {[%clk 0:16:59]} 43. Qh8 {[%clk 0:22:12]} Qd8 {[%clk 0:16:53]} 44.
Qh5 {[%clk 0:21:40]} Qe7 {[%clk 0:16:04]} 45. Qf5 {[%clk 0:20:53]} Rg8 {[%clk
0:15:58]} 46. Bg2 {[%clk 0:19:52]} Kb8 {[%clk 0:14:38]} 47. Bd5 {[%clk 0:20:06]}
Qe8 {[%clk 0:13:42]} 48. Bg2 {[%clk 0:19:29]} Qd7 {[%clk 0:14:06]} 49. Bd5 {[%clk
0:19:28]} Kc7 {[%clk 0:14:31]} 50. Qh7 {[%clk 0:18:53]} Rg6 {[%clk 0:14:24]} 51.
Qh8 {[%clk 0:19:02]} Qd8 {[%clk 0:14:19]} 52. Qh5 {[%clk 0:18:50]} Qe7 {[%clk
0:14:31]} 53. Qf5 {[%clk 0:19:11]} Qd7 {[%clk 0:10:27]} 54. Qh5 {[%clk 0:16:26]}
Kd8 {[%clk 0:07:51]} 55. Be4 {[%clk 0:14:29]} Rg8 {[%clk 0:07:36]} 1/2-1/2

[Event "Irena Warakomska Memorial A"]
[Site "Suwalki"]
[Date "2021.08.02"]
[Round "8"]
[White "Warchol, Kamil"]
[Black "Backiel, Hubert"]
[Result "1/2-1/2"]
[Board "29"]
[WhiteElo "2183"]
[WhiteTitle "CM"]
[WhiteCountry "POL"]
[WhiteFideId "21858241"]
[WhiteEloChange "-6"]
[BlackElo "1955"]
[BlackCountry "POL"]
[BlackFideId "21838631"]
[BlackEloChange "6"]

1. e4 {[%clk 1:30:58]} c5 {[%clk 1:29:49]} 2. Nf3 {[%clk 1:30:56]} d6 {[%clk
1:30:15]} 3. d4 {[%clk 1:30:38]} cxd4 {[%clk 1:30:40]} 4. Nxd4 {[%clk 1:30:17]}
Nf6 {[%clk 1:30:58]} 5. Nc3 {[%clk 1:29:53]} Nc6 {[%clk 1:30:36]} 6. Bc4 {[%clk
1:29:52]} Qb6 {[%clk 1:30:48]} 7. Nb3 {[%clk 1:21:16]} e6 {[%clk 1:30:56]} 8. O-O
{[%clk 1:19:36]} Be7 {[%clk 1:31:15]} 9. a4 {[%clk 1:17:06]} O-O {[%clk 1:24:40]}
10. a5 {[%clk 1:08:29]} Qc7 {[%clk 1:13:29]} 11. Be2 {[%clk 1:04:57]} Rd8 {[%clk
1:12:08]} 12. Ra4 {[%clk 0:51:28]} d5 {[%clk 1:05:27]} 13. exd5 {[%clk 0:44:29]}
Nxd5 {[%clk 1:05:35]} 14. Nxd5 {[%clk 0:42:01]} Rxd5 {[%clk 1:03:46]} 15. Bf4
{[%clk 0:41:40]} Qd8 {[%clk 0:52:33]} 16. Qe1 {[%clk 0:36:41]} e5 {[%clk
0:49:07]} 17. c4 {[%clk 0:31:31]} Rd6 {[%clk 0:47:12]} 18. Be3 {[%clk 0:31:09]}
Bf5 {[%clk 0:39:42]} 19. a6 {[%clk 0:25:36]} bxa6 {[%clk 0:32:44]} 20. Na5 {[%clk
0:21:16]} Rb8 {[%clk 0:25:30]} 21. c5 {[%clk 0:17:30]} Rg6 {[%clk 0:24:36]} 22.
Nxc6 {[%clk 0:16:06]} Rxc6 {[%clk 0:25:03]} 23. Qc3 {[%clk 0:14:55]} Qc8 {[%clk
0:17:20]} 24. b4 {[%clk 0:14:22]} Rg6 {[%clk 0:16:00]} 25. Rfa1 {[%clk 0:10:20]}
Bh3 {[%clk 0:07:47]} 26. g3 {[%clk 0:08:48]} Qb7 {[%clk 0:05:32]} 27. Bf1 {[%clk
0:07:44]} Bxf1 {[%clk 0:04:45]} 28. Rxf1 {[%clk 0:08:07]} h5 {[%clk 0:03:58]} 29.
Rc1 {[%clk 0:06:53]} Qc6 {[%clk 0:03:42]} 30. Rca1 {[%clk 0:06:41]} Qf3 {[%clk
0:01:17]} 31. Qxe5 {[%clk 0:05:22]} Rd8 {[%clk 0:01:32]} 32. Rf1 {[%clk 0:03:32]}
Bf6 {[%clk 0:01:24]} 33. Qf4 {[%clk 0:03:48]} Qc6 {[%clk 0:01:48]} 34. Ra2 {[%clk
0:03:11]} h4 {[%clk 0:02:06]} 35. Rd2 {[%clk 0:02:51]} Rxd2 {[%clk 0:01:34]} 36.
Bxd2 {[%clk 0:03:18]} h3 {[%clk 0:02:03]} 37. f3 {[%clk 0:03:35]} Bg5 {[%clk
0:01:13]} 38. Qb8+ {[%clk 0:03:45]} Kh7 {[%clk 0:01:42]} 39. Bxg5 {[%clk
0:04:04]} Rxg5 {[%clk 0:02:10]} 40. Qf4 {[%clk 0:33:23]} Qd5 {[%clk 0:30:33]} 41.
Rc1 {[%clk 0:14:10]} g6 {[%clk 0:25:54]} 42. g4 {[%clk 0:10:08]} Re5 {[%clk
0:16:34]} 43. c6 {[%clk 0:08:45]} Qa2 {[%clk 0:10:15]} 44. Qg3 {[%clk 0:08:24]}
Qd2 {[%clk 0:09:19]} 45. Rf1 {[%clk 0:07:32]} Re6 {[%clk 0:08:31]} 46. Qxh3+
{[%clk 0:06:56]} Kg7 {[%clk 0:09:00]} 47. c7 {[%clk 0:05:54]} Rc6 {[%clk
0:08:57]} 48. Qg3 {[%clk 0:05:40]} Qc3 {[%clk 0:08:51]} 49. f4 {[%clk 0:04:11]}
Qd4+ {[%clk 0:06:06]} 50. Qf2 {[%clk 0:03:25]} Qxf2+ {[%clk 0:04:25]} 51. Rxf2
{[%clk 0:03:17]} Rxc7 {[%clk 0:04:51]} 52. Ra2 {[%clk 0:03:43]} Rc4 {[%clk
0:05:12]} 53. Rxa6 {[%clk 0:03:57]} Rxb4 {[%clk 0:05:40]} 54. Rxa7 {[%clk
0:04:20]} Rxf4 {[%clk 0:06:03]} 1/2-1/2

[Event "Irena Warakomska Memorial A"]
[Site "Suwalki"]
[Date "2021.08.02"]
[Round "8"]
[White "Mulet, Piotr"]
[Black "Renkowski, Piotr"]
[Result "1/2-1/2"]
[Board "30"]
[WhiteElo "2215"]
[WhiteTitle "FM"]
[WhiteCountry "POL"]
[WhiteFideId "1106244"]
[WhiteEloChange "-2"]
[BlackElo "2150"]
[BlackCountry "POL"]
[BlackFideId "1114166"]
[BlackEloChange "2"]

1. c4 {[%clk 1:30:40]} e6 {[%clk 1:30:59]} 2. Nc3 {[%clk 1:30:52]} d5 {[%clk
1:31:26]} 3. d4 {[%clk 1:31:10]} Nf6 {[%clk 1:31:48]} 4. Bg5 {[%clk 1:31:08]} c6
{[%clk 1:32:06]} 5. cxd5 {[%clk 1:31:26]} exd5 {[%clk 1:32:28]} 6. e3 {[%clk
1:31:28]} Be7 {[%clk 1:32:47]} 7. Bd3 {[%clk 1:31:32]} O-O {[%clk 1:32:58]} 8.
Qc2 {[%clk 1:31:22]} Nbd7 {[%clk 1:33:15]} 9. Nge2 {[%clk 1:31:35]} h6 {[%clk
1:32:16]} 10. Bh4 {[%clk 1:31:42]} Re8 {[%clk 1:31:31]} 11. O-O {[%clk 1:28:05]}
Ne4 {[%clk 1:25:47]} 12. Bxe7 {[%clk 1:28:15]} Qxe7 {[%clk 1:26:14]} 13. a3
{[%clk 1:24:52]} Ndf6 {[%clk 1:19:42]} 14. b4 {[%clk 1:22:19]} a6 {[%clk
1:13:21]} 15. Na4 {[%clk 1:18:30]} b5 {[%clk 1:04:56]} 16. Nc5 {[%clk 1:14:30]}
Nxc5 {[%clk 1:05:14]} 17. Qxc5 {[%clk 1:11:37]} Qxc5 {[%clk 1:05:37]} 18. dxc5
{[%clk 1:11:16]} Nd7 {[%clk 0:40:00]} 19. Nd4 {[%clk 1:10:51]} Ne5 {[%clk
0:39:43]} 20. Be2 {[%clk 1:11:08]} Bb7 {[%clk 0:35:45]} 21. a4 {[%clk 1:10:39]}
g6 {[%clk 0:35:33]} 22. g3 {[%clk 1:10:37]} f5 {[%clk 0:34:24]} 23. Rfc1 {[%clk
1:10:35]} Kf7 {[%clk 0:34:07]} 24. Ra2 {[%clk 1:06:01]} Kf6 {[%clk 0:33:54]} 25.
axb5 {[%clk 1:00:55]} axb5 {[%clk 0:34:13]} 26. Rca1 {[%clk 1:01:20]} Rxa2 {[%clk
0:32:40]} 27. Rxa2 {[%clk 1:01:45]} Ra8 {[%clk 0:33:05]} 28. Rxa8 {[%clk
1:02:09]} Bxa8 {[%clk 0:33:34]} 29. Kf1 {[%clk 1:00:24]} Nd7 {[%clk 0:28:34]} 30.
Ke1 {[%clk 1:00:29]} Nb8 {[%clk 0:28:44]} 31. Kd2 {[%clk 1:00:40]} Bb7 {[%clk
0:27:45]} 32. Kc3 {[%clk 0:58:30]} Ba6 {[%clk 0:26:44]} 33. Bd3 {[%clk 0:57:58]}
h5 {[%clk 0:23:31]} 34. h3 {[%clk 0:56:46]} Bc8 {[%clk 0:21:26]} 35. Bf1 {[%clk
0:57:03]} Bd7 {[%clk 0:21:39]} 36. Bg2 {[%clk 0:57:22]} Ke5 {[%clk 0:20:18]} 37.
f3 {[%clk 0:53:42]} Na6 {[%clk 0:19:55]} 38. h4 {[%clk 0:52:49]} Nc7 {[%clk
0:18:16]} 39. Ne2 {[%clk 0:52:47]} Kf6 {[%clk 0:17:29]} 40. Nf4 {[%clk 1:21:33]}
Ne6 {[%clk 0:40:35]} 41. Ne2 {[%clk 1:21:03]} Nc7 {[%clk 0:40:37]} 42. Nc1 {[%clk
1:14:15]} Ne6 {[%clk 0:38:40]} 43. Nd3 {[%clk 1:13:38]} Nc7 {[%clk 0:37:20]} 44.
Bh3 {[%clk 1:12:58]} Ne6 {[%clk 0:34:30]} 45. Bg2 {[%clk 1:10:56]} Nc7 {[%clk
0:34:42]} 46. Bh1 {[%clk 1:09:58]} Ne6 {[%clk 0:29:57]} 47. Bg2 {[%clk 1:10:11]}
Nc7 {[%clk 0:27:21]} 1/2-1/2

[Event "Irena Warakomska Memorial A"]
[Site "Suwalki"]
[Date "2021.08.02"]
[Round "8"]
[White "Wikar, Martyna"]
[Black "Skurniak, Szymon"]
[Result "1-0"]
[Board "31"]
[WhiteElo "2168"]
[WhiteCountry "POL"]
[WhiteFideId "21807663"]
[WhiteEloChange "9"]
[BlackElo "2143"]
[BlackCountry "POL"]
[BlackFideId "21805571"]
[BlackEloChange "-9"]

1. e4 {[%clk 1:29:09]} c5 {[%clk 1:30:46]} 2. Nf3 {[%clk 1:29:33]} Nc6 {[%clk
1:31:11]} 3. d4 {[%clk 1:29:58]} cxd4 {[%clk 1:31:37]} 4. Nxd4 {[%clk 1:30:22]}
Nf6 {[%clk 1:31:56]} 5. Nc3 {[%clk 1:30:42]} d6 {[%clk 1:32:15]} 6. Bg5 {[%clk
1:30:27]} e6 {[%clk 1:32:34]} 7. Qd2 {[%clk 1:30:18]} a6 {[%clk 1:32:52]} 8. f4
{[%clk 1:29:03]} h6 {[%clk 1:32:58]} 9. Bxf6 {[%clk 1:26:42]} Qxf6 {[%clk
1:33:16]} 10. Nf3 {[%clk 1:22:25]} Qd8 {[%clk 1:29:16]} 11. O-O-O {[%clk
1:16:32]} Be7 {[%clk 1:26:19]} 12. Kb1 {[%clk 1:15:42]} Qc7 {[%clk 1:17:30]} 13.
g4 {[%clk 1:11:18]} b5 {[%clk 1:11:50]} 14. f5 {[%clk 1:08:07]} Ne5 {[%clk
0:55:11]} 15. Nxe5 {[%clk 1:04:58]} dxe5 {[%clk 0:55:02]} 16. fxe6 {[%clk
1:00:43]} Bxe6 {[%clk 0:34:19]} 17. Nd5 {[%clk 1:00:50]} Qc5 {[%clk 0:32:14]} 18.
Be2 {[%clk 0:56:11]} Bg5 {[%clk 0:24:33]} 19. Qd3 {[%clk 0:45:27]} Rd8 {[%clk
0:18:47]} 20. h4 {[%clk 0:44:29]} Bxd5 {[%clk 0:19:10]} 21. exd5 {[%clk 0:43:44]}
Bf4 {[%clk 0:19:29]} 22. Rhe1 {[%clk 0:38:22]} Rd6 {[%clk 0:16:53]} 23. Qe4
{[%clk 0:30:07]} O-O {[%clk 0:14:17]} 24. g5 {[%clk 0:30:13]} g6 {[%clk 0:13:15]}
25. h5 {[%clk 0:17:46]} hxg5 {[%clk 0:12:36]} 26. hxg6 {[%clk 0:17:54]} f5 {[%clk
0:12:34]} 27. Qh1 {[%clk 0:16:31]} Rxg6 {[%clk 0:13:00]} 28. Qh5 {[%clk 0:15:48]}
Qd6 {[%clk 0:13:16]} 29. Rh1 {[%clk 0:15:22]} Rg7 {[%clk 0:13:03]} 30. Qh8+
{[%clk 0:14:05]} Kf7 {[%clk 0:13:32]} 31. Bh5+ {[%clk 0:14:18]} Rg6 {[%clk
0:12:39]} 32. Qh7+ {[%clk 0:14:34]} 1-0

[Event "Irena Warakomska Memorial A"]
[Site "Suwalki"]
[Date "2021.08.02"]
[Round "8"]
[White "Praczukowski, Stanislaw"]
[Black "Valantiejus, Vaidotas"]
[Result "1-0"]
[Board "32"]
[WhiteElo "2156"]
[WhiteCountry "POL"]
[WhiteFideId "1182730"]
[WhiteEloChange "9"]
[BlackElo "2124"]
[BlackCountry "LTU"]
[BlackFideId "12807370"]
[BlackEloChange "-9"]

1. d4 {[%clk 1:30:53]} d5 {[%clk 1:30:32]} 2. c4 {[%clk 1:31:12]} e6 {[%clk
1:30:51]} 3. Nf3 {[%clk 1:31:26]} c5 {[%clk 1:31:00]} 4. cxd5 {[%clk 1:30:57]}
exd5 {[%clk 1:31:26]} 5. g3 {[%clk 1:31:18]} Nc6 {[%clk 1:31:42]} 6. Bg2 {[%clk
1:31:20]} Nf6 {[%clk 1:32:03]} 7. O-O {[%clk 1:31:21]} Be7 {[%clk 1:32:14]} 8.
dxc5 {[%clk 1:31:14]} Bxc5 {[%clk 1:32:30]} 9. Nc3 {[%clk 1:30:28]} O-O {[%clk
1:32:29]} 10. a3 {[%clk 1:30:11]} Ne4 {[%clk 1:30:53]} 11. Nxd5 {[%clk 1:28:44]}
Be6 {[%clk 1:31:04]} 12. Nc3 {[%clk 1:28:30]} Nxc3 {[%clk 1:31:07]} 13. bxc3
{[%clk 1:28:50]} Qxd1 {[%clk 1:31:18]} 14. Rxd1 {[%clk 1:29:10]} Rfd8 {[%clk
1:23:41]} 15. Bd2 {[%clk 1:22:57]} Na5 {[%clk 1:21:31]} 16. Nd4 {[%clk 1:11:33]}
Bxd4 {[%clk 1:18:18]} 17. cxd4 {[%clk 1:06:22]} Nb3 {[%clk 1:18:29]} 18. Rab1
{[%clk 1:05:41]} Nxd4 {[%clk 1:15:09]} 19. e3 {[%clk 1:02:13]} Nb3 {[%clk
1:14:25]} 20. Be1 {[%clk 0:58:33]} Nc5 {[%clk 0:57:35]} 21. Bb4 {[%clk 0:56:04]}
b6 {[%clk 0:37:28]} 22. Bxa8 {[%clk 0:54:33]} Rxa8 {[%clk 0:37:56]} 23. Bxc5
{[%clk 0:53:18]} bxc5 {[%clk 0:38:24]} 24. Rb7 {[%clk 0:53:02]} g6 {[%clk
0:38:32]} 25. Rdb1 {[%clk 0:52:49]} Kg7 {[%clk 0:34:10]} 26. Rb8 {[%clk 0:53:05]}
Rxb8 {[%clk 0:34:35]} 27. Rxb8 {[%clk 0:53:29]} Kf6 {[%clk 0:33:06]} 28. Rb5
{[%clk 0:53:32]} c4 {[%clk 0:32:46]} 29. Kf1 {[%clk 0:53:19]} Ke7 {[%clk
0:29:44]} 30. Ke1 {[%clk 0:53:04]} Kd6 {[%clk 0:30:03]} 31. Kd2 {[%clk 0:52:24]}
Kc6 {[%clk 0:30:24]} 32. Re5 {[%clk 0:52:13]} 1-0